| 000 | 00889nam a2200265 i 4500 | ||
|---|---|---|---|
| 001 | bg | ||
| 100 | 1 | _aBaude, Anne. | |
| 245 | 0 | 0 |
_aReady to order : _belementary English for the restaurant industry : workbook / _cAnne Baude, Montserrat Iglesias, Anna Iñesta. |
| 250 | _a6th impr. | ||
| 260 |
_aHarlow, England : _bPearson Education : _bLongman, _c2006. |
||
| 300 |
_a79 s. : _btab., rys. ; _c28 cm. |
||
| 650 | 9 |
_aJęzyk angielski _ypodręcznik dla cudzoziemców |
|
| 651 | 9 |
_aGastronomia _xsłownictwo |
|
| 651 | 9 |
_aGastronomia _xćwiczenia i zadania |
|
| 700 | 1 | _aIglesias, Montserrat. | |
| 700 | 1 | _aIñesta, Anna. | |
| 020 | _a9780582429550 | ||
| 040 | _cBPK | ||
| 041 | 0 | _aeng | |
| 044 | _aGBR | ||
| 080 | _a811.111:640.43/.44(075) | ||
| 942 | _cKS | ||
| 008 | s pl f |000 0 pol | ||
| 999 |
_c54395 _d54395 |
||
| 856 |
_uhttp://koha.tu.koszalin.pl/cgi-bin/koha/opac-detail.pl?biblionumber=54395 _yKatalog online BPK |
||